<?xml version="1.0" encoding="UTF-8"?>
<collection xmlns="http://www.loc.gov/MARC21/slim">
 <record>
  <leader>01407nam a2200193Ia 4500</leader>
  <controlfield tag="001">TDMU_14575</controlfield>
  <controlfield tag="008">210410s9999    xx            000 0 und d</controlfield>
  <datafield tag="082" ind1=" " ind2=" ">
   <subfield code="a">025.507</subfield>
  </datafield>
  <datafield tag="090" ind1=" " ind2=" ">
   <subfield code="b">B102</subfield>
  </datafield>
  <datafield tag="100" ind1=" " ind2=" ">
   <subfield code="a">Bạch, Thị Thu Nhi</subfield>
  </datafield>
  <datafield tag="245" ind1=" " ind2="0">
   <subfield code="a">Nghiên cứu các giải pháp hoàn thiện công tác quản lý chất lượng các sản phẩm và dịch vụ thông tin thư viện tại các thư viện Trường Đại học, cao đẳng tỉnh Bình Dương</subfield>
  </datafield>
  <datafield tag="245" ind1=" " ind2="0">
   <subfield code="c">Bạch Thị Thu Nhi; TS. Nguyễn Thu Thảo (Hướng dẫn)</subfield>
  </datafield>
  <datafield tag="260" ind1=" " ind2=" ">
   <subfield code="a">Tp. Hồ Chí Minh</subfield>
  </datafield>
  <datafield tag="260" ind1=" " ind2=" ">
   <subfield code="c">2008</subfield>
  </datafield>
  <datafield tag="300" ind1=" " ind2=" ">
   <subfield code="a">119tr</subfield>
  </datafield>
  <datafield tag="520" ind1=" " ind2=" ">
   <subfield code="a">tr.114-119; Luận văn Thạc sĩ Khoa học Thư viện Trường Đại học Khoa học Xã hội và Nhân văn Tp. Hồ Chí Minh, 2008; Chuyên ngành: Khoa học Thư viện; Mã số 60 32 20 </subfield>
  </datafield>
  <datafield tag="650" ind1=" " ind2=" ">
   <subfield code="a">Luận Văn; Sản phẩm thông tin thư viện ; Dịch vụ thông tin thư viện ; Các Thư viện Trường Đại học, Cao đẳng tỉnh Bình Dương  ; Khoa học Thư viện; Thư viện Thông tin; Sản phẩm và dịch vụ Thông tin Thư viện</subfield>
   <subfield code="x">Quản lý chất lượng</subfield>
   <subfield code="x">Giải pháp</subfield>
  </datafield>
  <datafield tag="856" ind1=" " ind2=" ">
   <subfield code="u">http://lrc.tdmu.edu.vn/opac/search/detail.asp?aID=2&amp;ID=14575</subfield>
  </datafield>
  <datafield tag="980" ind1=" " ind2=" ">
   <subfield code="a">Trung tâm Học liệu Trường Đại học Thủ Dầu Một</subfield>
  </datafield>
 </record>
</collection>
